|
|
|
|
| LEADER |
00000nab a2200000uu 4500 |
| 001 |
vtls011497222 |
| 003 |
SK-MaSNL |
| 005 |
20260305021445.0 |
| 008 |
240911|1992 xo |||||||||||||||||slo| |
| 015 |
|
|
|a SNBRB
|
| 035 |
|
|
|a (urnnbn)urn:nbn:sk:snk:ar-0012pw
|
| 035 |
|
|
|a (uuid)ec7b556e-e227-487c-af71-5cc1a92a2609
|
| 035 |
|
|
|a urn:nbn:sk:snk-abdsjk
|
| 040 |
|
|
|a SNKBUCL
|b slo
|c SNKBUCL
|e AACR2
|
| 041 |
0 |
|
|a slo
|
| 044 |
|
|
|a xo
|c SK
|
| 100 |
1 |
|
|a Fuchs, Aleš,
|d 1932-2024
|4 aut
|9 118499
|
| 245 |
1 |
0 |
|a Pražský zápisník
|c Aleš Fuchs
|
| 773 |
0 |
|
|t Javisko
|g Roč. 24, č. 6 (1992), s. 33-35
|
| 958 |
|
|
|a OND
|
| 958 |
|
|
|a article20
|
| 999 |
|
|
|c 3286012
|d 3287942
|